000 00186 a2200097 4500
020 _a9780021793051
041 _aeng
100 _aVIRGINIA A. ARNOLD
245 2 _aA RHYMING GAME
942 _cBK
999 _c210
_d210